Качество подготовки специалистов - основа эффективной деятельности высшей школы в условиях новых экономических отношений

Dades bibliogràfiques
Autor principal: Кельчевская Н. Р. Наталья Рэмовна
Autor corporatiu: Уральский государственный технический университет
Altres autors: Попова М. А. Мария Александровна
Sumari:Монография представляет собой научно-практическое издание, главная цель которого - разработка методики оценки эффективности деятельности высшей школы по подготовке специалистов. Применение предложенной методики позволит повысить уровень эффективности функционирования высшего учебного заведения путем планирования и постоянного контроля уровня качества подготовки специалистов. Монография заинтересует руководителей, работников органов управления высших учебных заведений, а также иных специалистов, занимающихся проблемами подготовки высококвалифицированных специалистов, соответствующих требованиям рынка труда.
Idioma:rus
Publicat: Екатеринбург, Изд-во Уральского ГТУ, 2001
Matèries:
Format: Llibre
KOHA link:https://koha.lib.tpu.ru/cgi-bin/koha/opac-detail.pl?biblionumber=42570

MARC

LEADER 00000nam0a2200000 4500
001 42570
005 20231031015524.0
010 |a 532100126X 
035 |a (RuTPU)RU\TPU\book\43884 
090 |a 42570 
100 |a 20020909d2001 k y0rusy50 ca 
101 0 |a rus 
102 |a RU 
105 |a a j 001zy 
200 1 |a Качество подготовки специалистов - основа эффективной деятельности высшей школы в условиях новых экономических отношений  |f Н. Р. Кельчевская, М. А. Попова  |g Уральский государственный технический университет 
210 |a Екатеринбург  |c Изд-во Уральского ГТУ  |d 2001 
215 |a 77 с.  |c ил. 
318 |5 63413507  |a Качество образования и система его обеспечения в высшем учебном заведении  |b выставка 
320 |a Библиогр.: с. 73-76. 
330 |a Монография представляет собой научно-практическое издание, главная цель которого - разработка методики оценки эффективности деятельности высшей школы по подготовке специалистов. Применение предложенной методики позволит повысить уровень эффективности функционирования высшего учебного заведения путем планирования и постоянного контроля уровня качества подготовки специалистов. Монография заинтересует руководителей, работников органов управления высших учебных заведений, а также иных специалистов, занимающихся проблемами подготовки высококвалифицированных специалистов, соответствующих требованиям рынка труда. 
610 1 |a образование 
610 1 |a образовательные услуги 
610 1 |a образовательные учреждения 
610 1 |a обучение 
610 1 |a высшая школа 
610 1 |a высшее образование 
610 1 |a специалисты 
610 1 |a качество 
610 1 |a подготовка 
610 1 |a подготовка специалистов 
686 |a Ч484(2)к  |v LBC/SL-A  |2 rubbk 
700 1 |a Кельчевская  |b Н. Р.  |g Наталья Рэмовна  |4 070 
701 1 |a Попова  |b М. А.  |g Мария Александровна  |4 070 
712 0 2 |a Уральский государственный технический университет  |2 stltpush  |3 (RuTPU)RU\TPU\col\1041 
801 1 |a RU  |b 63413507  |c 20020909  |g PSBO 
801 2 |a RU  |b 63413507  |c 20181208  |g PSBO 
942 |c BK